| 000 | 00583nam a22002057a 4500 | ||
|---|---|---|---|
| 003 | CEME | ||
| 005 | 20210628205352.0 | ||
| 008 | 210127b xxu||||| |||| 00| 0 eng d | ||
| 020 | _a0-07-241409-X | ||
| 040 | _c. | ||
| 082 | _a305.231 PAP | ||
| 100 |
_aPapalia, Diane E _975175 |
||
| 245 | _aA child's world,infancy through adolescence | ||
| 250 | _a9TH | ||
| 260 |
_aNEW YORK _bMCGRAW HILL _c2002 |
||
| 300 | _aXXX,589P | ||
| 650 |
_aCHILD DEVELOPMENT, CHILD PSYCHOLOGY, ADOLESECENCE _975176 |
||
| 700 |
_aOLDS, SALLY WENDKOS, FELDMAN, RUTH DUSKIN _975177 |
||
| 942 |
_cBK _2ddc |
||
| 999 |
_c580645 _d580645 |
||